National Rugby Team Logos - Statistics

General Stats
  • This quiz has been taken 576 times
    547 since last reset
  • The average score is 15 of 20
Answer Stats
Picture Answer % Correct
Australia
97%
New Zealand
97%
Ireland
96%
England
95%
Canada
93%
South Africa
93%
France
92%
Italy
92%
United States
87%
Scotland
84%
Japan
83%
Fiji
82%
Wales
81%
Argentina
80%
Samoa
63%
Portugal
62%
Georgia
56%
Namibia
47%
Romania
34%
Brazil
28%
No matching quizzes found
Score Distribution
Percent of People with Each Score
Percentile by Number Answered
Your Score History
You have not taken this quiz since the last reset